Carregant...

Biodiversity in Horticultural Crops: Vol 4

Dades bibliogràfiques
Autor principal: Peter, K V
Format: Printed Book
Idioma:Undetermined
English
Publicat: New Delhi Daya Publishing House 2013
Matèries:
LEADER 00596nam a2200181Ia 4500
008 140306s9999 xx 000 0 und d
020 |a 9788170358145 
041 |a eng 
082 |a 574.5  |b PET/BI 
100 |a Peter, K V 
245 |a Biodiversity in Horticultural Crops: Vol 4 
260 |a New Delhi  |b Daya Publishing House  |c 2013 
300 |a 459 
365 |b 2300.00 
650 |a Horticultural Crops 
942 |2 ddc  |c BK 
999 |c 124808  |d 124808 
952 |0 0  |1 0  |2 ddc  |4 0  |6 574_500000000000000_PETBI  |7 0  |9 124770  |a KAUHCV  |b KAUHCV  |d 2014-02-19  |g 2300.00  |o 574.5 PET/BI  |p KAU_HCV-31215  |r 2014-03-22  |w 2014-03-22  |y BK